Online Catalogue and eLibrary

Social Movements in India: (Record no. 1211)

MARC details
000 -LEADER
fixed length control field 00505nam a2200169Ia 4500
005 - DATE AND TIME OF LATEST TRANSACTION
control field 20250324063812.0
008 - FIXED-LENGTH DATA ELEMENTS--GENERAL INFORMATION
fixed length control field 240331s9999 xx 000 0 und d
082 ## - DDC Classification
Class No. 303
Item Number - Author Mark SOC
DDC Edition Number 1013
245 #0 - TITLE STATEMENT
Title Social Movements in India:
Remainder of title Studies in Peasant, Backward Classes, Sectarian, Tribal and Women's Movements
260 ## - PUBLICATION, DISTRIBUTION, ETC.
Place of publication, distribution, etc. New Delhi,
Name of publisher, distributor, etc. Manohar Publications
Date of publication, distribution, etc. 1979
300 ## - PHYSICAL DESCRIPTION
Extent (e.g. Volumes, Pages etc.) xxx, 435 p.,
650 ## - SUBJECT ADDED ENTRY--TOPICAL TERM
Topical term or geographic name entry element Social Movements
650 ## - SUBJECT ADDED ENTRY--TOPICAL TERM
Topical term or geographic name entry element Religion
650 ## - SUBJECT ADDED ENTRY--TOPICAL TERM
Topical term or geographic name entry element Women
700 ## - ADDED ENTRY--PERSONAL NAME
Personal name Rao, M. S. A
Relator term (Role) Editor
942 ## - Koha item type (Biblio)
Koha item type Books in Stacks (Lending)
Holdings
Lost status Damaged status Collection code Home library Current library Shelving location Date acquired Full call number Accession Number Item type
    Lending WERC Library WERC Library Social Science Cupboard 03/31/2024 303 SOC 1013 Books in Stacks (Lending)

© WERC Library